| 000 | 02029cam a22004454i 4500 | ||
|---|---|---|---|
| 003 | PE-LiUPU | ||
| 005 | 20250731172958.0 | ||
| 008 | 150623s r 000 0 d | ||
| 020 | _a080542007X | ||
| 035 | _a(Sirsi) i9780805420074 | ||
| 040 |
_aPE-LiUPU _bspa _cPE-LiUPU _erda |
||
| 049 | _aPRUA | ||
| 082 | 0 | 4 |
_a269.2 _bH27 _221 |
| 100 | 1 |
_aHawkins, O.S., _eautor. |
|
| 245 | 1 | 0 |
_aDrawing the net : _b30 practical principles for leading others to Christ publicly and personally / _cO.S. Hawkins. |
| 264 | 1 |
_aNashville, Tennessee : _bBroadman & Holman Publishers, _c1993. |
|
| 300 |
_a143 páginas ; _c20.5 centímetros |
||
| 336 |
_atext _2rdacontent |
||
| 337 |
_aunmediated _2rdamedia |
||
| 338 |
_avolume _2rdacarrier |
||
| 505 | 0 | _aMake it prophetic. -Make it plain. -Make it positive. -Make it personal. -Make it penetrating. -Make it persuasive. -Make it pointed. -Make it pious. -Make it pressing. -Make it passionate. -Make it pleasant. -Make it patient. -Make it public. -Make it premeditated. -Make it practical. -psychological. -Make it prayerful. -Make it perpetual. -Make it pertient. -Make it plenary. -Make it perceptive. -Make it punctual. -Make it presumptive. -Make it Make it proficient. -Make it provocative. -Make it pervasive. -Make it preclusive. -Make it productive. -Make it providential. -Make it prudent. | |
| 526 | _aSEG42 | ||
| 526 | _aSEG41 | ||
| 526 | _aSEG40 | ||
| 526 | _aSEG39 | ||
| 526 | _aP94 | ||
| 526 | _aP87 | ||
| 526 | _aP86 | ||
| 526 | _aP85 | ||
| 526 | _aP77 | ||
| 526 | _aP76 | ||
| 526 | _aP35 | ||
| 650 | 0 | 4 | _aInvitaciones evangelísticas. |
| 942 |
_2ddc _cBOOK |
||
| 949 |
_a269.2 H27 _wDEWEY _c1 _i45382 _lCCODEBUL1 _mBUL _r0 _sY _tBOOK _u2015-6-24 _xTEOLOGIA _PP35 _0COMPRA _o.STAFF. Colección General |
||
| 994 |
_aC0 _bPEPRU |
||
| 596 | _a1 | ||
| 999 |
_a269.2 H27 _wDEWEY _c22248 _i45382 _f2021-11-10 _g5 _lCCODEBUL1 _mBUL _r0 _sY _tBOOK _u2015-6-24 _xTEOLOGIA _PP35 _0COMPRA _o.STAFF. Colección General _d22248 |
||
| 980 |
_81 _gALBERTO SANCHEZ Responsable de Automatización |
||